=LDR 00000nam 2200000 4500 =001 INLIS000000000030851 =005 20240923092759 =035 ##$$a 0010-061300000030851 =008 240923################g##########0#ind## =041 ##$$a ind =082 ##$$a R. 492.7 =090 ##$$a R. 492.7, Mum k =100 ##$$a Muminin, Iman Saiful =245 1#$$a Kamus ilmu nahwu dan sharaf /$c Iman Saipul Mu'minin =260 ##$$a Jakarta :$b Amzah,$c 2008 =300 ##$$a xvii, 346 hlm, ; $c 23 x 16 cm =650 #4$$a Ilmu Nahwu - Kamus =850 ##$$a NBPNMAT =020 ##$$a 978-979-9392-73-2 =084 ##$$a R. 492.7 MUM k =250 ##$$a cet.1 =500 ##$$a Biografi ; hlm.345-346 =504 ##$$a Bibliografi ; hlm. 341-344 =990 ##$$a 21272127 =990 ##$$a 21272127 =990 ##$$a 20900643 =990 ##$$a 1200901058 =990 ##$$a 20900642 =990 ##$$a 20900643